• 首页
  • 本馆介绍
  • 公告通知
  • 最新文献
  • 馆藏检索
  • 电子资源
  • 读者导购
  • 参考咨询
  • 我的图书馆
  • 登录
  • 详细信息显示
  • 放入我的书架
  • 预约/预借图书
  • 作者相关作品
  • 分类相关作品
  • 丛书相关作品
  • 出版社相关作品

书目信息

  • 表格格式
  • 工作单格式
  • 卡片格式
题名:
金陵八家
    
 
作者: 许学权 编著
分册:  
出版信息: 长春   吉林文史出版社  2018重印
页数: 120页
开本: 23cm
丛书名: 中国文化知识读本
单 册:
中图分类: J212.05
科图分类:
主题词: 中国画--zhong guo hua--鉴赏--中国--明清时代
电子资源:
ISBN: 978-7-5463-1995-7
000 01138nam 2200265 45
001 012001009900
005 20140101134716.0
010    @a978-7-5463-1995-7@dCNY34.80
099    @aCAL 012010223818
100    @a20101028d2010 em y0chiy0110 ea
101 0  @achi
102    @aCN@b220000
105    @aa z 000yd
106    @ar
200 1  @a金陵八家@Ajin ling ba jia@f编著许学权
210    @a长春@c吉林文史出版社@d2018重印
215    @a120页@c图@d23cm
225 2  @a中国文化知识读本@Azhong guo wen hua zhi shi du ben
330    @a《中国文化知识读本》是由吉林出版集团有限责任公司和吉林文史出版社组织国内知名专家学者编写的一套旨在传播中华五千优秀传统文化,提高全民文化修养的大型知识读本。该书在深入挖掘和整理中华优秀传统文化成果的同时,结合社会发展,注入了时代精神。书中优美生动的文字、简明通俗的语言、图文并茂的形式,把中国文化中的物态文化、制度文化、行为文化、精神文化等知识要点全面展示给读者。
410  0 @12001 @a中国文化知识读本
606 0  @a中国画@Azhong guo hua@x鉴赏@y中国@z明清时代
690    @aJ212.05@v4
701  0 @a许学权@Axu xue quan@4编著
801  2 @aCN@b上海新华@c20191020
905    @b1189886-9@dJ212.05@e1126@f4
    
    金陵八家/编著许学权.-长春:吉林文史出版社,2018重印
    120页:图;23cm.-(中国文化知识读本)
    
    
    ISBN 978-7-5463-1995-7:CNY34.80
    《中国文化知识读本》是由吉林出版集团有限责任公司和吉林文史出版社组织国内知名专家学者编写的一套旨在传播中华五千优秀传统文化,提高全民文化修养的大型知识读本。该书在深入挖掘和整理中华优秀传统文化成果的同时,结合社会发展,注入了时代精神。书中优美生动的文字、简明通俗的语言、图文并茂的形式,把中国文化中的物态文化、制度文化、行为文化、精神文化等知识要点全面展示给读者。
●
相关链接 在E读中查询图书 在五车中查询图书 在当当中查询图书 在豆瓣中查询图书


正题名:金陵八家     索取号:J212.05/1126         预约/预借

序号 登录号 条形码 馆藏地/架位号 状态 备注
1 1189886   211898865   第一样本阅览室/ [索取号:J212.05/1126] 在馆    
2 1189887   211898874   第一借阅区/ [索取号:J212.05/1126] 在馆    
3 1189888   211898883   第一借阅区/ [索取号:J212.05/1126] 在馆    
4 1189889   211898892   第一借阅区/ [索取号:J212.05/1126] 在馆    
唐山师范学院图书馆 欢迎您!
大连网信软件有限公司© 版权所有